Normal view
MARC view
Entry Personal Name
001 - CONTROL NUMBER
- control field: 7596
003 - CONTROL NUMBER IDENTIFIER
- control field: OSt
005 - DATE AND TIME OF LATEST TRANSACTION
- control field: 20220729155009.0
008 - FIXED-LENGTH DATA ELEMENTS
- fixed length control field: 220729|| aca||aabn | a|a d
040 ## - CATALOGING SOURCE
- Original cataloging agency: OSt
- Transcribing agency: OSt
100 ## - HEADING--PERSONAL NAME
- Personal name: မြင့်ဆွေ၊ ဦး၊ မဟာဝိဇ္ဇာ(လန်ဒန်)
670 ## - SOURCE DATA FOUND
- Source citation: Work cat.: (OSt): မြင့်ဆွေ၊ ဦး၊ မဟာဝိဇ္ဇာ(လန်ဒန်), အဘိဓမ္မာသဂြိုဟ်အဖွင့် / ပထမတွဲ